000 00615nam a2200205 i 4500
001 19039
003 ES-MaACL
005 20230906152001.0
007 t|
008 020528s2000 sp ||||1| spa d
080 _a087.5:82
100 1 _aLópez, Gisela.
_973332
245 1 3 _aEl Cid
_b: el Cantar del Mio Cid /
_c[Gisela López].
260 _a[Madrid] :
_bAsociación Española de Teatro para la Infancia y la Juventud,
_c[2000]
300 _a55 p. ;
_c21 cm.
490 1 _aTeatro AETIJ ;
_v2
830 0 _aTeatro AETIJ ;
_v2
_9228854
852 _aES-MaACL
_j2167-F-18
_bR.131688
999 _c19039
_d19039